One Tour de France 2022 Rider by Country - Statistics

General Stats
  • This quiz has been taken 203 times
  • The average score is 20 of 27
Answer Stats
Country Rider % Correct
Belgium Wout van Aert | Dylan Teuns | Jasper Philipsen | +15 others
95%
France David Gaudu | Romain Bardet | Christophe Laporte | +29 others
94%
Great Britain Geraint Thomas | Thomas Pidcock | Chris Froome | +5 others
94%
Denmark Jonas Vingegaard | Magnus Cort Nielsen | Mads Pedersen | +7 others
93%
Australia Michael Matthews | Caleb Ewan | Ben O'Connor | +6 others
92%
Slovenia Tadej Pogačar | Primož Roglič | Matej Mohorič | +2 others
90%
Colombia Nairo Quintana | Rigoberto Urán | Daniel Felipe Martínez
89%
Netherlands Fabio Jakobsen | Dylan Groenewegen | Mathieu van der Poel | +7 others
86%
United States Sepp Kuss | Brandon McNulty | Neilson Powless | +4 others
82%
Slovakia Peter Sagan
80%
Italy Giulio Ciccone | Filippo Ganna | Mattia Cattaneo | +11 others
79%
Canada Michael Woods | Hugo Houle | Antoine Duchesne | +1 other
79%
Spain Enric Mas | Marc Soler | Jonathan Castroviejo | +6 others
78%
Neutral (Russia) Aleksandr Vlasov
76%
Switzerland Marc Hirschi | Stefan Küng | Silvan Dillier | +1 other
76%
Luxembourg Bob Jungels | Kevin Geniets | Alex Kirsch
75%
Germany Simon Geschke | Lennard Kämna | Nils Politt | +6 others
75%
Norway Edvald Boasson Hagen | Alexander Kristoff | Andreas Leknessund | +3 others
73%
Kazakhstan Alexey Lutsenko | Dmitriy Gruzdev | Andrey Zeits
71%
South Africa Louis Meintjes | Reinardt Janse van Rensburg
66%
Austria Patrick Konrad | Felix Großschartner | Michael Gogl | +3 others
65%
Poland Rafał Majka | Maciej Bodnar | Kamil Gradek | +1 other
64%
Latvia Toms Skujiņš | Krists Neilands
54%
Portugal Nelson Oliveira | Ruben Guerreiro
52%
New Zealand George Bennett | Jack Bauer
38%
Israel Guy Niv
30%
Neutral (Belarus) Alexandr Riabushenko
14%
No matching quizzes found
Score Distribution
Percent of People with Each Score
Percentile by Number Answered
Your Score History
You have not taken this quiz